000 00662nam a2200205 4500
001 143807
003 ES-MaACL
007 t|
008 070214s1952 xxu r ||||1| eng d
100 1 _aShepard, Judy.
_9106082
245 1 0 _aTicket To Israel
_b: an informative guide /
_cJudy Shepard, Alvin Rosenfeld.
260 _aNew York :
_bRinehart,
_c1952.
300 _aIX, 305 p. :
_bil. ;
_c21 cm +
_e1 map.
651 4 _98856
_aIsrael
_xDescripción
651 4 _98857
_aIsrael
_xGuías turísticas
700 1 _aRosenfeld, Alvin.
_999742
852 _aES-MaACL
_jL-6974
_bR.107682
_9149003
_cDEPO2
942 _2udc
_cMONOGRAFIA
999 _c143807
_d143807